<?xml version="1.0" encoding="UTF-8"?>
<collection xmlns="http://www.loc.gov/MARC21/slim">
 <record>
  <leader>00540pamaa2200169   4500</leader>
  <controlfield tag="001">0000018318</controlfield>
  <controlfield tag="005">20060615090000.0</controlfield>
  <datafield tag="020" ind1="0" ind2="0">
   <subfield code="a">0952652501 </subfield>
  </datafield>
  <datafield tag="082" ind1=" " ind2=" ">
   <subfield code="a">658.456 WEA</subfield>
  </datafield>
  <datafield tag="090" ind1="0" ind2="0">
   <subfield code="a">HF5734.5 </subfield>
   <subfield code="b">WEA 1995</subfield>
  </datafield>
  <datafield tag="100" ind1="1" ind2="0">
   <subfield code="a">WEATHERALL </subfield>
  </datafield>
  <datafield tag="245" ind1="1" ind2="0">
   <subfield code="a">Introduction to electronic meetings : </subfield>
   <subfield code="b">informed decisions better planning reduced timescales  </subfield>
   <subfield code="c">Alan Weatherall and Jay Nunamaker.</subfield>
  </datafield>
  <datafield tag="260" ind1="0" ind2="0">
   <subfield code="a">Britain: </subfield>
   <subfield code="b">Electronic meetings Services, </subfield>
   <subfield code="c">1995.</subfield>
  </datafield>
  <datafield tag="300" ind1=" " ind2=" ">
   <subfield code="a">ix, 170: </subfield>
   <subfield code="b">20cm.</subfield>
  </datafield>
  <datafield tag="650" ind1="0" ind2="0">
   <subfield code="a">Meetings </subfield>
  </datafield>
  <datafield tag="700" ind1="1" ind2="1">
   <subfield code="a">Nunamaker, </subfield>
   <subfield code="h">Jay </subfield>
  </datafield>
  <datafield tag="740" ind1="0" ind2="0">
   <subfield code="a">Electronic meetings</subfield>
  </datafield>
 </record>
</collection>
